000 00282nam a2200121Ia 4500
008 190216s9999||||xx |||||||||||||| ||und||
100 _aUnnikrishnan Ayuvanthala
245 0 _aPizhaavukal
260 _bPoorna Pubs Kozhikode
_c1989
300 _a152
650 _aNovel
942 _cBK
999 _c28227
_d28227